Singapore Map Quiz - Statistics

General Stats
  • This quiz has been taken 102 times
  • The average score is 4 of 5
Answers on the Map
Answers color-coded by a green-red scale on the quiz's map according to % correct below.
 
Answer Stats
Answer % Correct
Central
86%
North East
72%
South East
68%
North West
65%
South West
61%
No matching quizzes found
Score Distribution
Percent of People with Each Score
Percentile by Number Answered
Your Score History
You have not taken this quiz